000 01296nam a2200349 c 4500
999 _c341598
_d341598
003 BLK
005 20240710005502.0
008 180911b bul|||||r ||||||| ||bul||
010 _a001228
040 _aBLK
041 _aBUL
_cBUL
080 _z886.7-32886.7-34
100 1 _aКаралийчев, Ангел Иванов
_d1902-1972
_eпърви автор
_976702
245 0 0 _aВихрушка
246 _aРазкази и легенди
_pепос-разкази
260 _aСофия
_bХемус
_c1938
_fП. К. Овчаров
300 _a176 с
_c18 см
380 _a82
490 _aЧастна колекция - Академик Михаил Арнаудов
_gДарение - Основен фонд
500 _aАвтограф с текст: На проф. М. Арнаудов и семейството му с най-добри чувства и почит А. Каралийчев 1938;
650 _aлегенди
_9397747
653 _aепос
653 _aразкази
655 _aбългарска литература
_9396199
700 1 _aА. Каралийчев
_9397748
852 _aМА 1026
_bМА
942 _cKNG
_n0
_s1
944 _aCR
_c1996
_k
_lCRON CRON
999 _d341598
999 _d341598
999 _d341598